书目信息 |
| 题名: |
女人的幸福从这里开始
|
|
| 作者: | 王涵 编著 | |
| 分册: | ||
| 出版信息: | 北京 中国华侨出版社 2007.01 |
|
| 页数: | 243页 | |
| 开本: | 24cm | |
| 丛书名: | ||
| 单 册: | ||
| 中图分类: | B825-49 | |
| 科图分类: | ||
| 主题词: | 女性--nu xing--修养--通俗读物 | |
| 电子资源: | ||
| ISBN: | 7-80222-216-8 | |
| 000 | 00746nam0 2200217 450 | |
| 001 | 012007292600 | |
| 005 | 20071008165603.18 | |
| 010 | @a7-80222-216-8@dCNY24.80 | |
| 100 | @a20070803d2007 km y0chiy0120 ea | |
| 101 | 0 | @achi |
| 102 | @aCN@b110000 | |
| 105 | @ay z 000yy | |
| 200 | 1 | @a女人的幸福从这里开始@Anu ren de xing fu cong zhe li kai shi@f王涵编著@Fwang han bian zhu |
| 210 | @a北京@c中国华侨出版社@d2007.01 | |
| 215 | @a243页@d24cm | |
| 330 | @a本书用浅显易懂的语言,从魅力、品位、情感、内涵、交际、个性等六个方面,生动形象地描摹出一个真正有“女人味”的女人所应该具有的素质。 | |
| 606 | 0 | @a女性@Anu xing@x修养@j通俗读物 |
| 690 | @aB825-49@v4 | |
| 701 | 0 | @a王涵@Awang han@4编著 |
| 801 | 0 | @aCN@c20071008 |
| 905 | @dB825-49@eW215 | |
| 女人的幸福从这里开始/王涵编著.-北京:中国华侨出版社,2007.01 |
| 243页;24cm |
| ISBN 7-80222-216-8:CNY24.80 |
| 本书用浅显易懂的语言,从魅力、品位、情感、内涵、交际、个性等六个方面,生动形象地描摹出一个真正有“女人味”的女人所应该具有的素质。 |
| ● |
| 相关链接 |
|
|
|
正题名:女人的幸福从这里开始
索取号:B825-49/W215
 
预约/预借
| 序号 | 登录号 | 条形码 | 馆藏地/架位号 | 状态 | 备注 |
| 1 | 251616 | 202516161 | 社科库509/509社科库 31排4列4层/ [索取号:B825-49/W215] | 在馆 | |
| 2 | 251617 | 202516170 | 社科库509/509社科库 31排4列4层/ [索取号:B825-49/W215] | 在馆 | |
| 3 | 251618 | 202516189 | 社科库509/509社科库 31排4列4层/ [索取号:B825-49/W215] | 在馆 |